Οικονομική θεωρία και τεχνολογία

Αποθηκεύτηκε σε:
Λεπτομέρειες βιβλιογραφικής εγγραφής
Κύριος συγγραφέας: Bell, Gerard
Άλλοι συγγραφείς: Γιαννίτσης, Τάσος (Επιμελητής έκδοσης), Σταματάκης, Νικηφόρος (Μεταφραστής), Ουζουνίδης, Δημήτριος Ν. (Μεταφραστής)
Μορφή: Βιβλίο
Γλώσσα:Greek
Δημοσίευση: Αθήνα : Gutenberg, 1991
Θέματα:
Ετικέτες: Προσθήκη ετικέτας
Δεν υπάρχουν, Καταχωρήστε ετικέτα πρώτοι!

MARC

LEADER 00000cam a2200000 i 4500
001 1/4685
008 960507s1991 gr | ||| |||| ||gre||
020 |a 960010266X 
035 |l 10015725 
040 |a GR-MY-UA  |b gre  |e aacr 
041 0 |a gre 
082 0 |a 330 
100 1 |a Bell, Gerard. 
245 1 0 |a Οικονομική θεωρία και τεχνολογία /  |c Bell G.,...[et al.] 
260 |a Αθήνα :   |b Gutenberg,   |c 1991 
300 |a 404 σ. 
650 0 0 |a Economics. 
650 0 0 |a Technology  |x Economic aspects. 
700 1 |a Γιαννίτσης, Τάσος.  |4 edt 
700 1 |a Σταματάκης, Νικηφόρος.  |4 trl 
700 1 |a Ουζουνίδης, Δημήτριος Ν.  |4 trl 
852 |a INST  |b LESVOS  |e 19960507  |h 330 ΟΙΚ  |p 005100008927  |q 005100008927  |t BK  |y 0 
901 |a BIBL2-2010-3 
909 |a Λ  |b 043104 
922 |a 1ΕΛΗ  |b 199512  |c ΣΚΟΥΡΤΟΣ 
950 |a 145/1995-10-24